000 01314nam0a22002771 4500
001 v19\rc\1708231
005 20250619032941.0
035 _a(NLR Aleph) 004808632
090 _a4904758
_c4904758
100 _a20061002d1899 |||y0rusy50 ca
101 0 _arus
102 _aRU
105 _ay z |||||
200 1 _aОтчет о Временных педагогических курсах для учителей и учительниц начальных народных училищ Коломенского уезда
_e1899 г. 15-31 июля
_fСост. руководитель Курсов Аф.Ф. Соколов
_gКолом. зем. собр. 1899 г.
210 _aМосква
_d1899
215 _a108 с.
_d22
702 1 _4220
_aСоколов
_bА. Ф.
_cпедагог, закон божий
_gАфанасий Федорович
_9254672
_3RU\NLR\AUTH\770254728
710 1 2 _aКоломенские уезд. педагогические курсы для учителей и учительниц начальных училищ
_f1899
712 0 2 _aКоломенское уезд. земское собрание
801 0 _aRU
_bNLR
_gpsbo
801 0 _aRU
_bRuMoRGB
_2psbo
801 1 _aRU
_bProSoft-M
_2rusmarc
852 _aNLR
_bЗем
_j21-9/14
942 _cBOOK
980 _aNB